| 000 | 00520nmm a2200169Ia 4500 | ||
|---|---|---|---|
| 008 | 251105s9999||||xx |||||||||||||||||und|| | ||
| 020 | _a9786071601520 | ||
| 041 | _aspa | ||
| 100 | _aOrtuño Arzata, Salvador | ||
| 245 | 0 |
_aEl mundo del petróleo : _b Origen, usos y escenarios |
|
| 264 |
_a[México D.C., Mexico] : _bFondo de Cultura Económica, _c2012 |
||
| 300 | _a211 páginas | ||
| 490 | _aLa Ciencia para Todos | ||
| 650 | _aSciences | ||
| 856 | _uhttps://public.digitaliapublishing.com/a/42958 | ||
| 942 | _cCF | ||
| 999 |
_c75376 _d75376 |
||